00386nam a22001337a 450000500170000000800410001704100130005808200130007110000130008424500420009726000570013930000300019665000260022620240613100727.0240613b |||||||| |||| 00| 0 eng d aEnglish  a349 LAW  lEnglish  aThe All England Law Reports: Reprint  aLondon:bButterworth and Co. Publishers Ltd, c1971  blii, 1168 pages;c25 cm.  aLegal practice bLaw